000 00474pab a2200181 454500
008 180718b2012 xxu||||| |||| 00| 0 eng d
100 _aSanyal, Subhashree
245 _aDevelopment communication: Intensifying rural development in India.
260 _c2012
300 _ap.27-30.
362 _aJan
650 _aCommunication - India
650 _aRural development - India
650 _aRural development
773 _aKurukshetra
908 _aN
909 _a94799
999 _c94799
_d94799